| 000 | 02049nab a2200253 i 4500 | ||
|---|---|---|---|
| 003 | BR-BrBNA | ||
| 005 | 20250414084924.0 | ||
| 008 | 250414b2016 bl.qr|pooa||| 00| 0 por | | ||
| 040 |
_aBR-BrBNA _bpor |
||
| 072 | _aF70 | ||
| 100 | _aPastore, José Floriano Barêa | ||
| 100 | _aSilveira, João Barros da | ||
| 245 | _aFlora das cangas da Serra dos Carajás, Pará, Brasil: Polygalaceae | ||
| 500 | _aPublicação on-line; 15 ref.; 2 illus.; Summaries (En, Pt) | ||
| 520 | _a Resumo Apresenta-se um estudo florístico das espécies de Polygalaceae ocorrentes nas cangas da Serra dos Carajás (Pará). São apresentadas descrições, chaves taxonômicas, ilustrações e comentários taxonômicos dos táxons. Neste estudo foram encontradas seis espécies distribuídas em quatro gêneros: Bredemeyera divaricata, B. floribunda, Caamembeca spectabilis, Polygala adenophora, Securidaca diversifolia e S. rivinifolia, nenhuma delas endêmica da região ou do estado do Pará. Palavras-chave: FLONA Carajás, florística. Abstract A floristic treatment of Polygalaceae species from the cangas of the Serra dos Carajás (state of Pará, Brazil) is presented. We provide descriptions, taxonomic keys, illustrations, and taxonomic notes for Polygalaceae taxa from cangas. Six species were found, distributed in four genera: Bredemeyera divaricata, B. floribunda, Caamembeca spectabilis, Polygala adenophora, Securidaca diversifolia e S. rivinifolia, none of them endemic to the region or the state of Pará. Key words: FLONA Carajás, floristics. | ||
| 650 | _aCARAJÁS | ||
| 650 | _aCOMPOSIÇÃO BOTÂNICA | ||
| 650 | _aTAXONOMIA | ||
| 650 | _aPOLYGALACEAE | ||
| 773 | 0 |
_0709 _9349694 _dRio de Janeiro-RJ Jardim Botanico do Rio de Janeiro 1935 _o2025-2214 _tRodriguésia (Brazil) _x0370-6583; 2175-7860 on-line _gv. 67(5 special number) p. 1451-1458; (2016) _wBR2025000676 |
|
| 856 | _uhttps://www.scielo.br/j/rod/a/cbTNfvgPRTxB66XskfdVcLb/?format=pdf&lang=pt | ||
| 942 | _cANA | ||
| 999 |
_c331009 _d331009 |
||